Score 0/18 Timer 04:00
0 Plays Today
Hint Name % Correct
___ Luthor
(Superman Foe)
Lex
96.6%
Aunt ___ (Reilly)
(From Spider-Man)
May
81.8%
___ Jordan
(Green Lantern)
Hal
63.5%
___ Storm
(Invisible Woman)
Sue
62.3%
___ Grimm
(The Thing)
Ben
61.9%
General ___
(Superman Foe)
Zod
56.3%
___ Wilson
(Falcon/Cap)
Sam
50.8%
___ Drake
(Robin/Red Robin)
Tim
50.4%
___-El
(Father of Superman)
Jor
48%
Hint Name % Correct
___
(The Living Planet)
Ego
40.6%
___ Palmer
(The Atom)
Ray
35.6%
___ Garrick
(The Flash)
Jay
34.3%
___ Eisenhardt
(Magneto)
Max
31.5%
___ Harper
(Speedy/Red Arrow)
Roy
29.2%
___ Kord
(Blue Beetle)
Ted
25.1%
___ Walters
(She-Hulk)
Jen
24.4%
___
(The Bat Hound)
Ace
19.4%
___
(Ocean Master)
Orm
13.3%
Remove Ads.
Support Sporcle.
Get the best of Sporcle when you Go Orange. This ad-free experience offers more features, more stats, and more fun while also helping to support Sporcle. Thank you for becoming a member.

You're not logged in!

Compare scores with friends on all Sporcle quizzes.
OR
Log In

Sporcle TV

Today on Sporcle TV


Watch our educational content, quiz creation guides, and fun videos on Sporcle TV.

Show Comments

Extras

Top Quizzes Today


Score Distribution

Paid Content

Your Account Isn't Verified!

In order to create a playlist on Sporcle, you need to verify the email address you used during registration. Go to your Sporcle Settings to finish the process.

Report this User

Report this user for behavior that violates our Community Guidelines.

Details: